Normal view
MARC view
- Iqbal, Muhammad Haroon (330579)
Entry Personal Name
001 - CONTROL NUMBER
- control field: 118228
003 - CONTROL NUMBER IDENTIFIER
- control field: NUST
005 - DATE AND TIME OF LATEST TRANSACTION
- control field: 20230926120342.0
008 - FIXED-LENGTH DATA ELEMENTS
- fixed length control field: 230926|| aca||aabn | a|a d
040 ## - CATALOGING SOURCE
- Original cataloging agency: NUST
- Transcribing agency: NUST
100 ## - HEADING--PERSONAL NAME
- Personal name: Iqbal, Muhammad Haroon (330579)
670 ## - SOURCE DATA FOUND
- Source citation: Work cat.: (NUST)603210: Iqbal, Muhammad Haroon (330579), Numerical Analysis of a Solar Air Heater having Rectangular Sectioned V-Ribs as Artificial Roughness Integrated with Impingement Cooling Configuration /, 2023
